000 00331nam a2200133Ia 4500
005 20260328104301.0
008 260328s9999||||xx |||||||||||||| ||und||
100 _aWright, Frank Lloyd
245 0 _aFrank Lloyd Wright /
_cFrank Lloyd Wright
260 _bReinhold
300 _a228 p.
650 _aFRAN LLOYD WRIGHT
942 _cBK
999 _c10608
_d10608